000 00339nam a2200133Ia 4500
008 220204s9999 xx 000 0 und d
082 _a547.96
_bGRA;1
245 0 _aApplied protein chemistry
260 _aLondon
_bApplied Science
_c1980
650 _aLeather industry
650 _aProtein chemistry
700 _aGrant, R A
942 _cBK
999 _c35404
_d35404